header

Financial globalization (Record no. 207131)

MARC details
000 -LEADER
fixed length control field 01206nam a2200301Ia 4500
100 1# - MAIN ENTRY--AUTHOR NAME
Personal name Kose, M. Ayhan.
245 10 - TITLE STATEMENT
Title Financial globalization
260 ## - PUBLICATION, DISTRIBUTION, ETC. (IMPRINT)
Place of publication [Washington, D.C.] :
Name of publisher International Monetary Fund,
Year of publication 2006.
300 ## - PHYSICAL DESCRIPTION
Number of Pages 92 p.
490 1# - SERIES STATEMENT
Series statement IMF working paper ;
500 ## - GENERAL NOTE
General note "August 2006."
650 #0 - SUBJECT ADDED ENTRY--TOPICAL TERM
Topical Term International finance.
Topical Term Globalization
856 40 - ELECTRONIC LOCATION AND ACCESS
Uniform Resource Identifier http://site.ebrary.com/lib/rucke/Doc?id=10380924

No items available.

© 2026 Rongo University
Contact us: librarian | system librarian | Rongo university